Kinh nghiệm của Trung Quốc và Thái Lan về thị trường xuất khẩu hàng nông sản và bài học rút ra cho Việt Nam /
Saved in:
| Main Author: | |
|---|---|
| Other Authors: | |
| Format: | Article |
| Language: | Vietnamese |
| Subjects: | |
| Tags: |
Add Tag
No Tags, Be the first to tag this record!
|
| Institutions: | Thư viện Trường Đại học Đà Lạt |
|---|
| LEADER | 00890nam a2200265 4500 | ||
|---|---|---|---|
| 001 | DLU170181439 | ||
| 005 | ##20171025 | ||
| 040 | # | # | |a DLU |b vie |
| 041 | # | # | |a vie |
| 044 | # | # | |a vn |
| 100 | # | # | |a Đỗ Đức Bình. |
| 245 | # | # | |a Kinh nghiệm của Trung Quốc và Thái Lan về thị trường xuất khẩu hàng nông sản và bài học rút ra cho Việt Nam / |c Đỗ Đức Bình, Đỗ Thu Hằng. |
| 653 | # | # | |a Hàng nông sản |
| 653 | # | # | |a Thị trường xuất khẩu |
| 653 | # | # | |a Xuất khẩu |
| 700 | # | # | |a Đỗ Thu Hằng. |
| 773 | # | # | |t Nghiên cứu kinh tế |g Số 4(443), 2015, tr. 71-77 |
| 920 | # | # | |a Phòng Tạp chí -- Trung tâm Thông tin - Thư viện Trường Đại học Đà Lạt |
| 900 | # | # | |a True |
| 911 | # | # | |a Nguyễn Thị Thu Phương |
| 925 | # | # | |a G |
| 926 | # | # | |a A |
| 927 | # | # | |a BB |
| 980 | # | # | |a Thư viện Trường Đại học Đà Lạt |